000 01056nam a2200253Ia 4500
005 20240530110955.0
008 140319s2007 xx 000 0 ara d
020 _a9957322729
040 _aGCL /
_cGCL
082 0 4 _a658.1511 /
_bا م
100 1 _aاسماعيل يحيى التكريتى
245 1 0 _aالمحاسبة الادارية :
_bقضايا معاصرة /
_cتاليف اسماعيل يحيى التكريتى ، عبدالوهاب حبش الطعمة ، وليد محمد عبدالقادر
250 _aالاولى
260 _aالاردن :
_bدار الحامد للنشر والتوزيع،
_c2007
300 _a422 ص؛
_c24 سم
650 0 4 _aالادارة
650 0 4 _aالمحاسبة الادارية
650 0 4 _aالمحاسبة المالية
650 0 4 _aادارة الاعمال
700 _aعبدالوهاب حبش الطعمة
_eمؤلف مشارك
700 _aوليد محمد عبدالقادر
_eمؤلف مشارك
942 _2ddc
_cBK
999 _c67081
_d67081